Statistiche per Paesi più Vicini all'Australia

Clicka qui per fare il quiz!

Statistiche generali

  • Questo quiz è stato fatto 1.958 volte
  • Il punteggio medio è 16 su 20

Statistiche sulle risposte

kmPaesemiglia% Corretto
1303Nuova Zelanda810
99%
123Indonesia76
95%
4Papua Nuova Guinea2
87%
2591Figi1610
81%
2250Malesia1398
81%
1778Stati Federati di Micronesia1105
80%
1920Filippine1193
79%
3266Isole Marshall2029
78%
1391Isole Salomone864
78%
1995Palau1240
77%
2798Singapore1738
76%
3199Tuvalu1988
76%
3391Thailandia2107
75%
1744Vanuatu1084
75%
3228Tonga2006
73%
2863Nauru1779
71%
3086Kiribati1918
70%
461Timor Est286
70%
3413Vietnam2121
70%
2402Brunei1493
64%

Distribuzione punteggi

Percentile per numero di risposta

Percentuale di utenti per punteggio

I tuoi punteggi nel tempo

Non hai fatto questo quiz